00365nam a2200109Ia 4500008004100000100002300041245002700064260006900091300001100160650001600171856006800187160712s9999 xx 000 0 und d aLacuesta, Angelo . cAngelo LacuestaaSiren c2012bLikhaan: The Journal of Contemporary Philippine Literature avol. 6 xSHORT STORY uhttp://journals.upd.edu.ph/index.php/lik/issue/view/536/showToc